Prešporské interiéry /

Na minha lista:
Detalhes bibliográficos
Main Authors: Grailich, Elsa (Author), Holčík, Štefan (Author)
Formato: Livro
Idioma:eslovaco
Publicado em: Bratislava : Marenčin PT, 2014
Edição:1. vydanie
Assuntos:
Tags: Adicionar Tag
Sem tags, seja o primeiro a adicionar uma tag!

MARC

LEADER 00000nam a22000003a 4500
001 0101845
003 SK-STU
005 20230511130824.9
007 ta
008 230511s ----xo-----e------000-0-----d
020 |a 978-80-8114-328-1 
040 |a STU  |b slo 
041 0 |a slo 
044 |a xo 
100 1 |a Grailich, Elsa  |4 aut 
245 1 0 |a Prešporské interiéry /  |c aut. Elsa Grailich, Štefan Holčík 
250 |a 1. vydanie 
260 |a Bratislava :  |b Marenčin PT,  |c 2014 
300 |a 189 s. 
650 0 7 |a historický interiér 
650 0 7 |a 20. storočie 
650 0 7 |a Bratislava 
650 0 7 |a dejiny 
700 1 |a Holčík, Štefan  |4 aut 
996 |b 284AU09673  |c A* 13035/U  |l AAKNST  |s P  |a 0  |w 0101845_0001 
996 |b 284AU09674  |c A* 13036/U  |l AAKNAR  |s A  |a 24  |w 0101845_0002